Project English 3 Test Booklet

Saved in:
Bibliographic Details
Main Author: Hutchinson, Tom
Format: Book
Language:English
Published: Oxford University Press 1988
Edition:1. ed.
Tags: Add Tag
No Tags, Be the first to tag this record!

MARC

LEADER 00000nam a2200000 4500
001 c032162
005 20221219120438.5
041 0 |a eng 
044 |a US 
245 1 0 |a Project English 3  |b Test Booklet  |c Tom Hutchinson 
250 |a 1. ed. 
264 1 |a Oxford  |b University Press  |c 1988 
300 |a 39 s. 
100 1 |a Hutchinson, Tom